Devinez la Capitale Mystère #66 - Statistiques

Statistiques générales
  • Ce quiz a été pris 141 fois
  • Le résultat moyen est 30 sur 35
Statistiques - réponses
Type de Réponse Réponse % Correct
Lettre Trouvée S
100%
Lettre de l'Alphabet A
99%
Lettre Trouvée E
99%
Lettre de l'Alphabet R
99%
Lettre de l'Alphabet B
98%
Lettre Trouvée I
98%
Lettre Trouvée L
98%
Lettre Trouvée N
96%
Lettre de l'Alphabet O
96%
Lettre de l'Alphabet U
95%
Lettre de l'Alphabet M
94%
Lettre de l'Alphabet P
94%
Lettre de l'Alphabet T
93%
Lettre de l'Alphabet D
92%
Lettre Bien Placée I
92%
Lettre de l'Alphabet G
90%
Lettre de l'Alphabet C
87%
Lettre Bien Placée N
87%
Lettre Trouvée K
84%
Lettre Trouvée H
83%
Lettre de l'Alphabet W
83%
Lettre de l'Alphabet V
82%
Lettre de l'Alphabet X
81%
Lettre de l'Alphabet Y
81%
Lettre Bien Placée E
78%
Lettre de l'Alphabet J
76%
Lettre Bien Placée S
73%
Lettre Bien Placée I
71%
Lettre de l'Alphabet F
69%
Lettre Bien Placée L
69%
Lettre de l'Alphabet Z
69%
Lettre de l'Alphabet Q
66%
Lettre Bien Placée H
65%
Capitale Mystère Helsinki
64%
Lettre Bien Placée K
64%
Aucun quiz correspondant
Distribution des résultats
% des personnes avec chaque résultat
Percentile par nombre de réponses
Votre historique - résultats
Vous n’avez pas pris ce quiz